Пропуск в контексте

Методические рекомендации по выполнению курсовых работ по дисциплине «Педагогика начального образования»

Настоящие методические рекомендации разработаны для студентов Дзержинского филиала ННГУ, обучающихся по направлению подготовки 44.03.05 «Педагогическое образование (с двумя профилями подготовки)». В данных методических рекомендациях рассмотрены цель и задачи курсовой работы, сформулированы основные...

Fuld beskrivelse

Сохранить в:
Bibliografiske detaljer
Hovedforfatter: Шеншин А. С.
Andre forfattere: Яковлева Е. И.
Format: Книга
Sprog:Russian
Udgivet: Нижний Новгород ННГУ им. Н. И. Лобачевского 2021
Online adgang:https://e.lanbook.com/book/282905
https://e.lanbook.com/img/cover/book/282905.jpg
Tags: Tilføj Tag
Ingen Tags, Vær først til at tagge denne postø!
LEADER 02400nam0a2200277 i 4500
001 282905
003 RuSpLAN
005 20221220174212.0
008 221220s2021 ru gs 000 0 rus
040 |a RuSpLAN 
041 0 |a rus 
044 |a ru 
080 |a 81.38 
084 |a 74.200+74.58  |2 rubbk 
245 0 0 |a Методические рекомендации по выполнению курсовых работ по дисциплине «Педагогика начального образования»  |c Шеншин А. С.,Яковлева Е. И. 
260 |a Нижний Новгород  |b ННГУ им. Н. И. Лобачевского  |c 2021 
300 |a 22 с. 
500 |a Рекомендовано Методической комиссией Дзержинского филиала ННГУ для студентов Дзержинского филиала ННГУ, обучающихся по направлению подготовки 44.03.05 «Педагогическое образование (с двумя профилями подготовки)» 
504 |a Библиогр.: доступна в карточке книги, на сайте ЭБС Лань 
520 8 |a Настоящие методические рекомендации разработаны для студентов Дзержинского филиала ННГУ, обучающихся по направлению подготовки 44.03.05 «Педагогическое образование (с двумя профилями подготовки)». В данных методических рекомендациях рассмотрены цель и задачи курсовой работы, сформулированы основные требования, предъявляемые к содержанию курсовых работ, определен порядок их выполнения и оформления, а также приведена примерная тематика. 
521 8 |a Книга из коллекции ННГУ им. Н. И. Лобачевского - Психология. Педагогика 
100 1 |a Шеншин А. С. 
700 1 |a Яковлева Е. И. 
856 4 |u https://e.lanbook.com/book/282905 
856 4 8 |u https://e.lanbook.com/img/cover/book/282905.jpg 
953 |a https://e.lanbook.com/img/cover/book/282905.jpg